=LDR 00000nam 2200000 4500 =001 INLIS000000000000924 =005 20130612085337 =008 ***********************************Ind** =035 ##$$0010-061300000000924 =041 ##$$a Ind =082 ##$$a 303.3 =090 ##$$a 303.3, Con-p =100 ##$$a Conyers, Diana =245 ##$$a Perencanaan sosial didunia ketiaga, Diana Conyers; penerjemah Susetiawan =260 ##$$a 1991 $b Yogyakarat =300 ##$$a xi, 335 hlm, 21 cm =650 ##$$a Sosial =650 ##$$a Perencanaan =700 ##$$a Setiawan =850 ##$$a NBPNMAT